World War II / (Record no. 471)

MARC details
000 -LEADER
fixed length control field 01232cam a2200397 i 4500
005 - DATE AND TIME OF LATEST TRANSACTION
control field 20260322212021.0
008 - FIXED-LENGTH DATA ELEMENTS--GENERAL INFORMATION
fixed length control field data
010 ## - LIBRARY OF CONGRESS CONTROL NUMBER
LC control number 2014466059
020 ## - INTERNATIONAL STANDARD BOOK NUMBER
International Standard Book Number 9781465421012 (ALB)
020 ## - INTERNATIONAL STANDARD BOOK NUMBER
International Standard Book Number 9781465420596 (pbk.)
020 ## - INTERNATIONAL STANDARD BOOK NUMBER
International Standard Book Number 1465420592
040 ## - CATALOGING SOURCE
Original cataloging agency DLC
Language of cataloging eng
Description conventions rda
Transcribing agency DLC
Modifying agency DLC
042 ## - AUTHENTICATION CODE
Authentication code pcc
050 00 - LIBRARY OF CONGRESS CALL NUMBER
Classification number D743.7
Item number .A23 2014
082 00 - DEWEY DECIMAL CLASSIFICATION NUMBER
Classification number 940.54
Edition information 23
092 ## - LOCALLY ASSIGNED DEWEY CALL NUMBER (OCLC)
Classification number 940.53 Ada 2014
001 - CONTROL NUMBER
control field data
100 1# - MAIN ENTRY--PERSONAL NAME
Personal name Adams, Simon,
Dates associated with a name 1955-
245 10 - TITLE STATEMENT
Title World War II /
Statement of responsibility, etc. Simon Adams & Andy Crawford.
246 30 - VARYING FORM OF TITLE
Title proper/short title Eyewitness World War II
246 3# - VARYING FORM OF TITLE
Title proper/short title World War Two
246 3# - VARYING FORM OF TITLE
Title proper/short title World War 2
250 ## - EDITION STATEMENT
Edition statement American edition.
260 ## - PUBLICATION, DISTRIBUTION, ETC.
Place of publication, distribution, etc. New York, New York :
Name of publisher, distributor, etc. DK,
Date of publication, distribution, etc. 2014.
264 #1 - PRODUCTION, PUBLICATION, DISTRIBUTION, MANUFACTURE, AND COPYRIGHT NOTICE
Place of production, publication, distribution, manufacture New York :
Name of producer, publisher, distributor, manufacturer DK Publishing,
Date of production, publication, distribution, manufacture, or copyright notice 2014.
300 ## - PHYSICAL DESCRIPTION
Extent 72 pages :
Other physical details illustrations, maps ;
Dimensions 29 cm.
336 ## - CONTENT TYPE
Content type term text
Content type code txt
Source rdacontent
337 ## - MEDIA TYPE
Media type term unmediated
Media type code n
Source rdamedia
338 ## - CARRIER TYPE
Carrier type term volume
Carrier type code nc
Source rdacarrier
490 0# - SERIES STATEMENT
Series statement Eyewitness books
490 0# - SERIES STATEMENT
Series statement DK Eyewitness books
500 ## - GENERAL NOTE
General note "Explore the terrifying global conflict that shaped the modern world - from D-Day to the atomic bomb"--Cover.
500 ## - GENERAL NOTE
General note Includes index.
650 #0 - SUBJECT ADDED ENTRY--TOPICAL TERM
Topical term or geographic name entry element World War, 1939-1945
Form subdivision Juvenile literature.
700 1# - ADDED ENTRY--PERSONAL NAME
Personal name Crawford, Andy,
Relator term illustrator.
Holdings
Withdrawn status Lost status Damaged status Not for loan Home library Current library Shelving location Date acquired Total checkouts Full call number Barcode Date last seen Price effective from Koha item type
        Pleasant Valley Pleasant Valley General stacks 22/03/2026   940.54 23 BC0010482 22/03/2026 22/03/2026 Books